000 00466nam a2200181Ia 4500
001 9064
005 20260306160656.0
008 260306t2003||||xx |||||||||||||| ||spa||
041 _aESP
082 _a372.5
_bD74
100 _aMarín Viadel, Ricardo (coord.)
_eAUT
245 0 _aDidáctica de la educación artística para la primaria
260 _c2003
300 _avii, 568 páginas :
_c24 cm.
650 _aGEN
654 _aCED
942 _cLIB
_dJUS
_fJUS
_2ddc
_n
999 _c9064
_d9064